Diferencias entre latinoamericanos en la OMC: Guatemala - México; Argentina - Brasil
Bewaard in:
| Formaat: | Texto |
|---|---|
| Onderwerpen: | |
| Tags: |
Voeg label toe
Geen labels, Wees de eerste die dit record labelt!
|
MARC
| LEADER | 00000 a a2200000 04500 | ||
|---|---|---|---|
| 001 | 13128 | ||
| 003 | |||
| 040 | |||
| 245 | |a Diferencias entre latinoamericanos en la OMC: |b Guatemala - México; Argentina - Brasil | ||
| 650 | |a OMC | ||
| 650 | |a ELECTRICIDAD | ||
| 650 | |a ECONOMIA | ||
| 650 | |a GUATEMALA | ||
| 773 | |g volumen 8, número 4; páginas 9-11 | ||
| 999 | |c 28609 |d 28609 | ||
